000
00256 a2200097 4500
001
12561
100
_a
Funkenbusch,P.D
245
_a
Practical Guide to designed Experiments: A Unified Modular Approach
260
_a
_b
Marcel Dekker
_c
090
_c
9572
_d
9572
942
_a
NUST-CAE
_c
M
_c
36458
999
_c
247634
_d
247634